<?xml version="1.0" encoding="UTF-8"?><?xml-stylesheet type="text/xsl" href="static/style.xsl"?><OAI-PMH xmlns="http://www.openarchives.org/OAI/2.0/" xmlns:xsi="http://www.w3.org/2001/XMLSchema-instance" xsi:schemaLocation="http://www.openarchives.org/OAI/2.0/ http://www.openarchives.org/OAI/2.0/OAI-PMH.xsd"><responseDate>2026-04-17T05:23:30Z</responseDate><request verb="GetRecord" identifier="oai:www.recercat.cat:10230/48950" metadataPrefix="marc">https://recercat.cat/oai/request</request><GetRecord><record><header><identifier>oai:recercat.cat:10230/48950</identifier><datestamp>2025-12-26T11:25:47Z</datestamp><setSpec>com_2072_6</setSpec><setSpec>col_2072_452952</setSpec></header><metadata><record xmlns="http://www.loc.gov/MARC21/slim" xmlns:dcterms="http://purl.org/dc/terms/" xmlns:xsi="http://www.w3.org/2001/XMLSchema-instance" xmlns:doc="http://www.lyncode.com/xoai" xsi:schemaLocation="http://www.loc.gov/MARC21/slim http://www.loc.gov/standards/marcxml/schema/MARC21slim.xsd">
   <leader>00925njm 22002777a 4500</leader>
   <datafield ind2=" " ind1=" " tag="042">
      <subfield code="a">dc</subfield>
   </datafield>
   <datafield ind2=" " ind1=" " tag="720">
      <subfield code="a">Gaye, Bamba</subfield>
      <subfield code="e">author</subfield>
   </datafield>
   <datafield ind2=" " ind1=" " tag="720">
      <subfield code="a">Tajeu, Gabriel S.</subfield>
      <subfield code="e">author</subfield>
   </datafield>
   <datafield ind2=" " ind1=" " tag="720">
      <subfield code="a">Vasan, Ramachandran S.</subfield>
      <subfield code="e">author</subfield>
   </datafield>
   <datafield ind2=" " ind1=" " tag="720">
      <subfield code="a">Lassale, Camille</subfield>
      <subfield code="e">author</subfield>
   </datafield>
   <datafield ind2=" " ind1=" " tag="720">
      <subfield code="a">Allen Norrina B.</subfield>
      <subfield code="e">author</subfield>
   </datafield>
   <datafield ind2=" " ind1=" " tag="720">
      <subfield code="a">Singh-Manoux, Archana</subfield>
      <subfield code="e">author</subfield>
   </datafield>
   <datafield ind2=" " ind1=" " tag="720">
      <subfield code="a">Jouven, Xavier</subfield>
      <subfield code="e">author</subfield>
   </datafield>
   <datafield ind2=" " ind1=" " tag="260">
      <subfield code="c">2021-11-11T07:54:22Z</subfield>
   </datafield>
   <datafield ind2=" " ind1=" " tag="260">
      <subfield code="c">2021-11-11T07:54:22Z</subfield>
   </datafield>
   <datafield ind2=" " ind1=" " tag="260">
      <subfield code="c">2020</subfield>
   </datafield>
   <datafield ind2=" " ind1=" " tag="520">
      <subfield code="a">Background The extent to which change in cardiovascular health (CVH) in midlife reduces risk of subsequent cardiovascular disease and mortality is unclear. Methods and Results CVH was computed at 2 ARIC (Atherosclerosis Risk in Communities) study visits in 1987 to 1989 and 1993 to 1995, using 7 metrics (smoking, body mass index, total cholesterol, blood glucose, blood pressure, physical activity, and diet), each classified as poor, intermediate, and ideal. Overall CVH was classified as poor, intermediate, and ideal to correspond to 0 to 2, 3 to 4, and 5 to 7 metrics at ideal levels. There 10 038 participants, aged 44 to 66 years that were eligible. From the first to the second study visit, there was an improvement in overall CVH for 17% of participants and a decrease in CVH for 21% of participants. At both study visits, 28%, 27%, and 6% had poor, intermediate, and ideal overall CVH, respectively. Compared with those with poor CVH at both visits, the risk of cardiovascular disease (hazard ratio [HR], 0.26; 95% CI, 0.20-0.34) and mortality (HR, 0.35; 95% CI, 0.29-0.44) was lowest in those with ideal CVH at both measures. Improvement from poor to intermediate/ideal CVH was also associated with a lower risk of cardiovascular disease (HR, 0.67; 95% CI, 0.59-0.75) and mortality (HR, 0.80; 95% CI, 0.72-0.89). Conclusions Improvement in CVH or stable ideal CVH, compared with those with poor CVH over time, is associated with a lower risk of incident cardiovascular disease and all-cause mortality. The change in smoking status and cholesterol may have accounted for a large part of the observed association.</subfield>
   </datafield>
   <datafield tag="653" ind2=" " ind1=" ">
      <subfield code="a">Cardiovascular Diseases</subfield>
   </datafield>
   <datafield tag="653" ind2=" " ind1=" ">
      <subfield code="a">Cardiovascular Health</subfield>
   </datafield>
   <datafield tag="653" ind2=" " ind1=" ">
      <subfield code="a">Mortality</subfield>
   </datafield>
   <datafield tag="653" ind2=" " ind1=" ">
      <subfield code="a">Primordial Prevention</subfield>
   </datafield>
   <datafield ind2="0" ind1="0" tag="245">
      <subfield code="a">Association of changes in cardiovascular health metrics and risk of subsequent cardiovascular disease and mortality</subfield>
   </datafield>
</record></metadata></record></GetRecord></OAI-PMH>